01904nam a2200217 a 4500008004100000020001800041041000800059092001700067100002400084245004100108250004600149260003300195300001100228500007800239505113100317590003701448655002101485942001301506999001501519952015201534180524e2007 ag ||||| |||| 00| f spa d a9789500428651 aspa c808l79sSMI1 aSmith, Wilbur93935 3aEl soberano del Nilo /bWilbur Smith a4a ed.bTraducción Agustin Pico Estrada aBuenos Aires:bEmece;c2007. a480 p. aSmith, W. (2007). El soberano del Nilo. (1a ed.). Buenos Aires : Emecé. aWilbur Smith regresa con la esperada secuela de su apasionante serie egipcia. Después de Río sagrado, El séptimo papiro y Hechicero, esta nueva novela continúa la historia del mago Taita, sabio conocedor de los poderes de los antiguos dioses y maestro de lo sobrenatural. Egipto azotado por una serie de terribles plagas hasta que, al fin, sobreviene el mayor de los desastres: las aguas del Nilo detiene su curso. La corriente que nutre y da sustento a la tierra ancestral de los faraones se seca por completo. Una catástrofe ha ocurrido en las distantes e inexploradas profundidades de África donde nace el poderoso torrente. Desesperado, el Faraón manda llamar a Taita, único capaz de abrirse paso hasta las fuentes para descubrir la causa de tantos males. Pero ninguno de ellos imagina cuán terrible es el enemigo que aguarda al brujo en esas tierras misteriosas del confín de su mundo. Impredecible, vibrante e impetuoso, el Soberano del Nilo conjuga aventuras, sensualidad y suspenso, a la vez que refuerza el poderoso imán de los arcanos de la civilización más hermética de la antigüedad.  aDONACION Victoria Lara mayo 2018 aLiteratura92917 2ddccLIT c2772d2772 00102ddc40708FICaBFMbBFMcCRd2018-05-24eDonacionl0o808 79 SMIp4282r2018-05-24tEj. 1w2018-05-24yLITzDONACION Victoria Lara mayo 2018